| 000 | 01132nam a2200265Ia 4500 | ||
|---|---|---|---|
| 999 |
_c52908 _d52908 |
||
| 001 | 19938 | ||
| 003 | GE_BSU | ||
| 005 | 20200516221713.0 | ||
| 008 | 181216s1984||||ge |||||||||||||| ||geo|| | ||
| 040 | _cGE_BSU | ||
| 041 | _ageo | ||
| 080 | _a014.12(038) მ-74 | ||
| 100 |
_aმიქაძე, (გივი) _98065 |
||
| 245 |
_aფსევდონიმების ლექსიკონი / _c(გივი) მიქაძე ; რედ. ს. ხადური. |
||
| 264 |
_aთბილისი : _bმეცნიერება, _c1984 |
||
| 300 |
_a140 გვ. ; _c20 სმ. |
||
| 500 | _aსაძიებლები : გვ. 63-137 | ||
| 541 | _h1ლ.60თ. | ||
| 653 | _aლექსიკონი | ||
| 653 | _aფსევდონიმების ლექსიკონი | ||
| 700 |
_aხადური, ს. _eრედაქტორი _98066 |
||
| 710 |
_aსაქ. სსრ მეცნიერებათა აკადემია _98053 |
||
| 710 |
_a ცენტრალური სამეცნიერო ბიბლიოთეკა _98067 |
||
| 942 |
_cBK _2udc |
||